Apex Legends gun quiz! (Season 22 split 1) - Statistics

General Stats
  • This quiz has been taken 122 times
  • The average score is 15 of 30
Answer Stats
Hint Answer % Correct
The only weapon that can one-shot a 200 hp target Kraber
99%
Is inspired by the AK-47 and features a banana-style mag Flatline
74%
Can break a door when charged with a certain item Rampage
73%
Biggest base magazine (no extended mags/not counting L-Star or Devtion) Spitfire
64%
Fastest RPM in the game R99
62%
The only weapon that deals more damage the further away your target is Charge Rifle
61%
Has the largest magazine of all snipers (purple mag) Longbow
61%
Is the only weapon in it's ammo class Bocek Compound Bow
59%
Most famous AR in the game for its low recoil and spread R301
59%
The only weapon that has two ammo types available to fire C.A.R SMG
58%
Is the prefered weapon of Loba P2020
58%
Has 8 ammo, a spread in the shape of an 8 and an 8 in its name Eva 8
57%
Has a unique "overheat" feature L-star
57%
Only weapon to fire 3-round bursts Hemlok
53%
A weapon that has never been taken out of the carepackage loot pool Kraber
50%
Can be charged to deal additional damage and has a "perfect tempo" feature Sentinel
50%
Shotgun that had a hop-up added to its base version Peacekeeper
49%
Marksman weapon that used to be able to fire two shots per trigger pull (hop up) G7 Scout
47%
Can switch between full-auto and a charged heavier beam shot Havoc Rifle
45%
Marskman weapon that rewards waiting a few seconds before each shot to deal extra damage 30-30 Repeater
41%
Charges up for every volley of shots fired gaining fire rate Nemesis AR
39%
Marksman rifle that also had the same hop-up as the weapon over added to its base Triple take
39%
Weapon famous for its ability to switch between 5 shot bursts or full-auto (using hop-up) Prowler
35%
Weapon that has become famous for streamers and Wraith players to use Wingman
35%
Weapon that has a unique pick-up animation when picked up by Mad Maggie Mastiff
31%
Widest vertical spread of any gun Mastiff
30%
Energy-weapon that has a unique interaction when inspected by Wattson Havoc Rifle
24%
Weapon that has a unique pick-up animation when picked up by Fuse 30-30 Repeater
23%
Only weapon that has had a complete rework in how it works compared to release state version Charge Rifle
20%
The only energy-weapon that doesn't have a charge, overheat or speed up feature after being fired Volt SMG
20%
No matching quizzes found
Score Distribution
Percent of People with Each Score
Percentile by Number Answered
Your Score History
You have not taken this quiz